00637 2200217 4500001002100000005001700021008004100038035002400079041000800103043001500111082000800126090001900134100002500153245011500178250001100293260002900304300001900333650004000352850001200392999001500404YOGYA-0209000004179520090227025816.0 ind  0010-020900000041795 aInd aYOPDYOG(B) a352 aYOG 352bYog K aYOGYAKARTA. Gubernur aKeterangan pertanggung jawaban gubernur kepala daerah DIY kepada DPRD Prop. DIY tentang..cGubernur Kepala DIY aCet. 1 aYogyakartab[s.n.]c1994 a274 hlmc21 cm akepala Daerah - Pertanggung jawaban aYOPDYOG a07A0022720